Les 15 plus grands pays en superficie - Statistiques

Statistiques générales
  • Ce quiz a été pris 1 026 fois
  • Le résultat moyen est 13 sur 15
Statistiques - réponses
Superficie Nom Du Pays % Correct
17 125 191 km² Russie
100%
9 629 091 km² Etats unis
99%
8 515 767 km² Bresil
98%
9 984 670 km2 Canada
98%
9 596 961 km² Chine
98%
7 692 060 km² Australie
95%
3 287 263 km² Inde
94%
2 381 741 km² Algerie
91%
2 780 400 km² Argentine
90%
1 964 375 km² Mexique
84%
2 345 409 km² Republique démocratique du congo
79%
2 724 910 km² Kazakhstan
74%
1 910 931 km² Indonesie
72%
2 149 680 km² Arabie saoudite
68%
2 210 573 km² Danemark
54%
Aucun quiz correspondant
Distribution des résultats
% des personnes avec chaque résultat
Percentile par nombre de réponses
Votre historique - résultats
Vous n’avez pas pris ce quiz